000 00609nam a22002177a 4500
005 20170124110007.0
010 _aA-125002
020 _c00.00
035 _aA-125002
037 _bCen Lib/Ret
040 _aDPL
_bEN
082 _a347
_bVAR
100 _aVaradachari, V.K.
_917140
245 _aCitizen and the law /
_cby V.K. Varadachari
260 _bMetropolitan Book
_aNew Delhi
_c1982
270 _a1, neta ji subhash marg
_bNew Delhi
_e110002
300 _avi, 167p.
_c21cm(Hb)
650 _aLaw commission
_917141
650 _aCitizens
_917142
942 _2ddc
_cEN
_h347
_mVAR
999 _c126285
_d126285